000 00922nam a2200265 i 4500
001 bg
245 0 0 _aRybactwo :
_bćwiczenia terenowe /
_cRyszard Wojda [et al.].
260 _aWarszawa :
_bSGGW,
_c1994.
300 _a90 s. :
_bil. ;
_c24 cm.
490 1 _aSkrypty Szkoły Głównej Gospodarstwa Wiejskiego w Warszawie
650 9 _aRybołówstwo
650 9 _aRyby słodkowodne
_xhodowla
650 9 _aWody śródlądowe
_xgospodarka
655 _aPodręczniki akademickie
700 1 _aWOJDA, Ryszard
830 _aSkrypty Szkoły Głównej Gospodarstwa Wiejskiego w Warszawie
020 _a839010377X
040 _cBPK
041 0 _apl
080 _a639(075.8)(076)
920 _a83-901037-7-X
942 _cKS
008 s pl f |000 0 pol
999 _c42006
_d42006
856 _uhttp://koha.tu.koszalin.pl/cgi-bin/koha/opac-detail.pl?biblionumber=42006
_yKatalog online BPK